Vytvorenie hodnoty za peniaze prostredníctvom verejno-súkromného partnerstva

Verejno-súkromné partnerstvo ako spôsob obstarania verejnej infraštruktúry. Ekonomická realizovateľnosť verejno-súkromného partnerstva. Kvantifikácia hodnoty za peniaze. Hodnotenie ekonomickej realizovateľnosti verejno-súkromného partnerstva.

Saved in:
Bibliographic Details
Main Author: Kuvíková, Helena
Other Authors: Gajdošová, Katarína
Format: Book Chapter
Language:Slovak
Subjects:
Tags: Add Tag
No Tags, Be the first to tag this record!

MARC

LEADER 00000naa a2200000 4500
001 0152613
005 20231208072516.5
041 0 |a slo 
044 |a SK 
245 1 0 |a Vytvorenie hodnoty za peniaze prostredníctvom verejno-súkromného partnerstva  |c Helena Kuvíková, Katarína Gajdošová 
520 |a Verejno-súkromné partnerstvo ako spôsob obstarania verejnej infraštruktúry. Ekonomická realizovateľnosť verejno-súkromného partnerstva. Kvantifikácia hodnoty za peniaze. Hodnotenie ekonomickej realizovateľnosti verejno-súkromného partnerstva. 
610 2 0 |a partnerstvo verejno-súkromné 
610 2 0 |a peniaze 
610 2 0 |a hodnota 
610 2 0 |a sektor verejný 
100 1 |a Kuvíková, Helena 
700 1 |a Gajdošová, Katarína